table des 93 - Statistiques

Statistiques générales
  • Ce quiz a été pris 8 fois
  • Le résultat moyen est 59 sur 80
Statistiques - réponses
93 x .. = % Correct
11 1023
100%
15 1395
100%
16 1488
100%
29 2697
100%
32 2976
100%
33 3069
100%
34 3162
100%
37 3441
100%
41 3813
100%
44 4092
100%
47 4371
100%
51 4743
100%
53 4929
100%
55 5115
100%
58 5394
100%
64 5952
100%
73 6789
100%
82 7626
100%
92 8556
100%
95 8835
100%
98 9114
100%
99 9207
100%
13 1209
75%
14 1302
75%
18 1674
75%
19 1767
75%
21 1953
75%
22 2046
75%
23 2139
75%
24 2232
75%
26 2418
75%
27 2511
75%
28 2604
75%
31 2883
75%
35 3255
75%
38 3534
75%
43 3999
75%
45 4185
75%
46 4278
75%
48 4464
75%
49 4557
75%
52 4836
75%
56 5208
75%
59 5487
75%
61 5673
75%
62 5766
75%
67 6231
75%
68 6324
75%
69 6417
75%
71 6603
75%
72 6696
75%
74 6882
75%
75 6975
75%
79 7347
75%
81 7533
75%
83 7719
75%
84 7812
75%
85 7905
75%
87 8091
75%
88 8184
75%
89 8277
75%
9 837
75%
91 8463
75%
17 1581
50%
36 3348
50%
42 3906
50%
63 5859
50%
65 6045
50%
76 7068
50%
86 7998
50%
94 8742
50%
96 8928
50%
97 9021
50%
12 1116
25%
25 2325
25%
39 3527
25%
54 5022
25%
57 5301
25%
66 6138
25%
78 7161
0%
Aucun quiz correspondant
Distribution des résultats
% des personnes avec chaque résultat
Percentile par nombre de réponses
Votre historique - résultats
Vous n’avez pas pris ce quiz